Sara says no : Starter level

Αποθηκεύτηκε σε:
Λεπτομέρειες βιβλιογραφικής εγγραφής
Κύριος συγγραφέας: Whitney, Norman
Μορφή: Βιβλίο
Γλώσσα:English
Δημοσίευση: Oxford : Heinemann, 1992
Θέματα:
Ετικέτες: Προσθήκη ετικέτας
Δεν υπάρχουν, Καταχωρήστε ετικέτα πρώτοι!

MARC

LEADER 00000nam a2200000 i 4500
001 1/22721
008 950308s1992 eng d
020 |a 0-435-27154-7 
035 |l 10021951 
040 |a GR-MY-UA  |b gre  |e aacr 
041 0 |a eng 
082 0 |a 428.64 
100 1 |a Whitney, Norman. 
245 1 0 |a Sara says no :  |b Starter level /  |c Norman Whitney 
260 |a Oxford :   |b Heinemann,   |c 1992 
300 |e 1 κασέτα 
500 |a Το παρόν τεύχος συνοδεύεται απο κασέτα ήχου 
650 0 0 |a English language  |x Readers. 
852 |a INST  |b CHIOS  |e 20070911  |h 428.64 WHI  |p 005200028923  |q 005200028923  |t BK  |y 0 
852 |a INST  |b CHIOS  |e 19950308  |h 428.64 WHI   |p 005200003932  |q 005200003932  |t BK  |y 0 
909 |a Χ  |b 037443 
909 |a Χ  |b 131207